000 00718nam a22001457a 4500
003 OSt
005 20230919201601.0
008 230919b |||||||| |||| 00| 0 eng d
040 _cCO-JMCR
082 0 4 _aC /
_bSELa
100 1 0 _aAcosta, Victoria Eugenia,
_eautora
_942385
245 _aSelene :
_bla diosa de alas extendidas /
_cVictoria Eugenia Acosta
520 _aSelene, la de alas extendidas, es la diosa de la Luna y recorre el cielo en un carro tirado por dos caballos. Su belleza fue admirada por muchos hombres e incluso divinidades. Sus amores con el pastor Endimión y el dios Pan son los más famosos y hasta nuestros días llegan las diferentes versiones que de ellos se tiene noticia.
942 _2ddc
_cBK
999 _c30251
_d16635